[Event "EYCC Open-U16 2019"]
[Site "Bratislava"]
[Date "2019.08.08"]
[Round "7.38"]
[White "Vitenberg, Noam Aviv"]
[Black "Gzib, David"]
[Result "1-0"]
[WhiteElo "2300"]
[BlackElo "2021"]
[Annotator "NA"]
[PlyCount "53"]
[EventDate "2019.08.02"]
[EventType "swiss"]
[EventCountry "SVK"]
[SourceTitle "playchess.com"]
[Source "ChessBase"]
[SourceQuality "1"]
[TimeControl "40/5400+30:1800+30"]

1. c4 {[%emt 0:00:00]} c5 {[%emt 0:00:00]} 2. Nc3 {[%emt 0:00:14]} g6 {[%emt 0:00:32]} 3. e3 {[%emt 0:07:38]} Bg7 {[%emt 0:00:53]} 4. d4 {[%emt 0:01:44]} Nf6 {[%emt 0:01:05]} 5. d5 {[%emt 0:04:09]} d6 {[%emt 0:00:17]} 6. Bd3 {[%emt 0:01:53]} O-O {[%emt 0:02:25]} 7. e4 {[%emt 0:03:24]} Na6 {[%emt 0:10:10]} 8. Nge2 {[%emt 0:12:16]} Nc7 {[%emt 0:02:23]} 9. h3 {[%emt 0:13:45]} a6 {[%emt 0:11:05]} 10. a4 {[%emt 0:01:43]} b6 {[%emt 0:02:39]} 11. Rb1 {[%emt 0:09:42]} Rb8 {[%emt 0:04:13]} 12. Be3 {[%emt 0:05:54]} b5 {[%emt 0:11:17]} 13. axb5 {[%emt 0:14:18]} axb5 {[%emt 0:00:10]} 14. Nxb5 {[%emt 0:03:40]} Nxb5 {[%emt 0:04:13]} 15. cxb5 {[%emt 0:01:10]} c4 {[%emt 0:06:06]} 16. Bxc4 {[%emt 0:05:18]} Nxe4 {[%emt 0:00:13]} 17. O-O {[%emt 0:01:42]} Bd7 {[%emt 0:05:10]} 18. Nd4 {[%emt 0:01:17]} Qc7 {[%emt 0:12:21]} 19. Nc6 {[%emt 0:00:50]} Bxc6 {[%emt 0:00:10]} 20. bxc6 {[%emt 0:02:43]} Rb4 {[%emt 0:01:19]} 21. Qc2 {[%emt 0:00:47]} f5 {[%emt 0:04:44]} 22. b3 {[%emt 0:02:27]} Ra8 {[%emt 0:02:57]} 23. Rbe1 {[%emt 0:01:31]} Rbb8 {[%emt 0:04:43]} 24. Qd3 {[%emt 0:01:30]} Qa5 {[%emt 0:05:07]} 25. Bd4 {[%emt 0:01:19]} Bxd4 {[%emt 0:04:21]} 26. Qxd4 {[%emt 0:00:16]} Qd2 {[%emt 0:00:25]} 27. Rxe4 {[%emt 0:00:26]} 1-0

[Event "EYCC Open-U16 2019"]
[Site "Bratislava"]
[Date "2019.08.08"]
[Round "7.39"]
[White "Fuglestein, Sander"]
[Black "Bacrot, Alexandre"]
[Result "0-1"]
[WhiteElo "1997"]
[BlackElo "2265"]
[Annotator "NA"]
[PlyCount "90"]
[EventDate "2019.08.02"]
[EventType "swiss"]
[EventCountry "SVK"]
[SourceTitle "playchess.com"]
[Source "ChessBase"]
[SourceQuality "1"]
[TimeControl "40/5400+30:1800+30"]

1. d4 {[%emt 0:00:00]} Nf6 {[%emt 0:00:00]} 2. c4 {[%emt 0:00:00]} g6 {[%emt 0:00:00]} 3. Nf3 {[%emt 0:00:00]} Bg7 {[%emt 0:00:00]} 4. g3 {[%emt 0:00:00]} O-O {[%emt 0:00:11]} 5. Bg2 {[%emt 0:00:00]} d6 {[%emt 0:00:06]} 6. O-O {[%emt 0:00:06]} Bg4 {[%emt 0:00:15]} 7. h3 {[%emt 0:06:39]} Bxf3 {[%emt 0:00:07]} 8. Bxf3 {[%emt 0:00:08]} Nc6 {[%emt 0:00:08]} 9. Nc3 {[%emt 0:02:37]} Nd7 {[%emt 0:00:07]} 10. e3 {[%emt 0:06:36]} e5 {[%emt 0:00:06]} 11. d5 {[%emt 0:01:34]} Ne7 {[%emt 0:00:06]} 12. e4 {[%emt 0:06:09]} f5 {[%emt 0:00:53]} 13. Rb1 {[%emt 0:06:00]} a5 {[%emt 0:03:03]} 14. a3 {[%emt 0:04:24]} b6 {[%emt 0:01:06]} 15. b4 {[%emt 0:02:52]} Qc8 {[%emt 0:02:47]} 16. Qd3 {[%emt 0:11:22]} axb4 {[%emt 0:03:33]} 17. axb4 {[%emt 0:00:09]} Nf6 {[%emt 0:00:09]} 18. Kg2 {[%emt 0:09:05]} Qd7 {[%emt 0:01:28]} 19. c5 {[%emt 0:09:30]} dxc5 {[%emt 0:04:18]} 20. bxc5 {[%emt 0:00:13]} bxc5 {[%emt 0:00:42]} 21. Qc4 {[%emt 0:06:18]} Kh8 {[%emt 0:01:07]} 22. Be3 {[%emt 0:10:24]} fxe4 {[%emt 0:06:00]} 23. Bxe4 {[%emt 0:01:09]} Nxe4 {[%emt 0:14:21]} 24. Qxe4 {[%emt 0:01:37]} Ra5 {[%emt 0:00:19]} 25. Qc4 {[%emt 0:05:41]} c6 {[%emt 0:00:33]} 26. Rfd1 {[%emt 0:01:10]} cxd5 {[%emt 0:03:43]} 27. Nxd5 {[%emt 0:00:33]} Nf5 {[%emt 0:02:04]} 28. Bd2 {[%emt 0:03:02]} Nd6 {[%emt 0:00:49]} 29. Qc2 {[%emt 0:01:05]} Rb5 {[%emt 0:00:43]} 30. Be3 {[%emt 0:01:29]} Rxb1 {[%emt 0:03:30]} 31. Qxb1 {[%emt 0:00:30]} c4 {[%emt 0:13:24]} 32. Qb4 {[%emt 0:01:28]} Qf5 {[%emt 0:03:58]} 33. Nc3 {[%emt 0:03:40]} Qf3+ {[%emt 0:00:11]} 34. Kh2 {[%emt 0:00:18]} Nf5 {[%emt 0:01:20]} 35. Bc5 {[%emt 0:00:30]} Rc8 {[%emt 0:00:57]} 36. Qxc4 {[%emt 0:01:02]} Bf8 {[%emt 0:01:00]} 37. Rd3 {[%emt 0:00:32]} Qc6 {[%emt 0:00:14]} 38. Ne4 {[%emt 0:00:23]} Bxc5 {[%emt 0:02:12]} 39. Rc3 {[%emt 0:00:42]} Qa8 {[%emt 0:07:53]} 40. Nxc5 {[%emt 0:00:00]} Nd4 {[%emt 0:00:00]} 41. g4 {[%emt 0:11:13]} Rf8 {[%emt 0:02:07]} 42. Nd3 {[%emt 0:00:32]} Nf3+ {[%emt 0:06:08]} 43. Kg3 {[%emt 0:00:29]} Nd2 {[%emt 0:24:18]} 44. Qe6 {[%emt 0:07:47]} Rf3+ {[%emt 0:00:51]} 45. Kh4 {[%emt 0:01:28]} Rxh3+ {[%emt 0:00:09]} 0-1

[Event "EYCC Open-U16 2019"]
[Site "Bratislava"]
[Date "2019.08.08"]
[Round "7.40"]
[White "Martin Barcelo, Carles"]
[Black "Jazdanovs, Aleksandrs"]
[Result "0-1"]
[WhiteElo "2012"]
[BlackElo "2238"]
[Annotator "NA"]
[PlyCount "80"]
[EventDate "2019.08.02"]
[EventType "swiss"]
[EventCountry "SVK"]
[SourceTitle "playchess.com"]
[Source "ChessBase"]
[SourceQuality "1"]
[TimeControl "40/5400+30:1800+30"]

1. e4 {[%emt 0:00:00]} c5 {[%emt 0:00:00]} 2. Nf3 {[%emt 0:00:00]} d6 {[%emt 0:00:20]} 3. Bb5+ {[%emt 0:00:00]} Bd7 {[%emt 0:00:04]} 4. Bxd7+ {[%emt 0:00:00]} Qxd7 {[%emt 0:00:05]} 5. c4 {[%emt 0:00:00]} e5 {[%emt 0:04:27]} 6. Nc3 {[%emt 0:02:06]} Ne7 {[%emt 0:00:08]} 7. a3 {[%emt 0:03:22]} Nbc6 {[%emt 0:01:23]} 8. Rb1 {[%emt 0:01:56]} g6 {[%emt 0:01:55]} 9. d3 {[%emt 0:03:36]} Bg7 {[%emt 0:00:16]} 10. b4 {[%emt 0:04:12]} cxb4 {[%emt 0:04:07]} 11. axb4 {[%emt 0:00:12]} O-O {[%emt 0:00:33]} 12. O-O {[%emt 0:02:23]} Nd8 {[%emt 0:02:33]} 13. Ra1 {[%emt 0:10:27]} Ne6 {[%emt 0:03:41]} 14. Be3 {[%emt 0:03:24]} Nf4 {[%emt 0:04:42]} 15. Ne1 {[%emt 0:17:33]} f5 {[%emt 0:02:54]} 16. Nc2 {[%emt 0:04:39]} b6 {[%emt 0:06:29]} 17. f3 {[%emt 0:09:49]} g5 {[%emt 0:00:27]} 18. Ne2 {[%emt 0:10:39]} Neg6 {[%emt 0:04:15]} 19. Nxf4 {[%emt 0:03:40]} exf4 {[%emt 0:03:24]} 20. Bd4 {[%emt 0:00:39]} Ne5 {[%emt 0:00:05]} 21. Bxe5 {[%emt 0:11:00]} dxe5 {[%emt 0:00:30]} 22. b5 {[%emt 0:02:45]} Rf6 {[%emt 0:02:24]} 23. Nb4 {[%emt 0:02:14]} Bf8 {[%emt 0:00:06]} 24. Nd5 {[%emt 0:04:29]} Rh6 {[%emt 0:02:18]} 25. d4 {[%emt 0:01:13]} fxe4 {[%emt 0:00:24]} 26. fxe4 {[%emt 0:00:13]} exd4 {[%emt 0:00:12]} 27. Qd3 {[%emt 0:01:18]} Re8 {[%emt 0:01:27]} 28. Rae1 {[%emt 0:01:27]} Bd6 {[%emt 0:00:17]} 29. Qh3 {[%emt 0:00:40]} Rxh3 {[%emt 0:00:04]} 30. Nf6+ {[%emt 0:00:03]} Kf7 {[%emt 0:00:34]} 31. Nxd7 {[%emt 0:00:02]} Re3 {[%emt 0:00:11]} 32. e5 {[%emt 0:01:11]} Bxe5 {[%emt 0:00:39]} 33. Rxe3 {[%emt 0:00:43]} dxe3 {[%emt 0:00:06]} 34. Nxe5+ {[%emt 0:00:28]} Rxe5 {[%emt 0:00:06]} 35. g3 {[%emt 0:00:29]} e2 {[%emt 0:00:08]} 36. Re1 {[%emt 0:00:08]} fxg3 {[%emt 0:00:11]} 37. hxg3 {[%emt 0:00:06]} Ke6 {[%emt 0:00:11]} 38. g4 {[%emt 0:01:08]} Kd6 {[%emt 0:00:11]} 39. Kf2 {[%emt 0:00:40]} Kc5 {[%emt 0:00:06]} 40. Kf3 {[%emt 0:00:00]} Kxc4 {[%emt 0:00:00]} 0-1

[Event "EYCC Open-U16 2019"]
[Site "Bratislava"]
[Date "2019.08.08"]
[Round "7.41"]
[White "Muntean, Victor"]
[Black "Koziorowicz, Michal"]
[Result "0-1"]
[WhiteElo "1971"]
[BlackElo "1985"]
[Annotator "NA"]
[PlyCount "52"]
[EventDate "2019.08.02"]
[EventType "swiss"]
[EventCountry "SVK"]
[SourceTitle "playchess.com"]
[Source "ChessBase"]
[SourceQuality "1"]
[TimeControl "40/5400+30:1800+30"]

1. e4 {[%emt 0:00:00]} c5 {[%emt 0:00:00]} 2. c3 {[%emt 0:00:00]} Nf6 {[%emt 0:00:00]} 3. e5 {[%emt 0:00:00]} Nd5 {[%emt 0:00:00]} 4. d4 {[%emt 0:00:00]} Nc6 {[%emt 0:01:13]} 5. dxc5 {[%emt 0:03:35]} e6 {[%emt 0:02:34]} 6. Nf3 {[%emt 0:07:35]} Bxc5 {[%emt 0:03:51]} 7. b4 {[%emt 0:01:01]} Be7 {[%emt 0:04:42]} 8. a3 {[%emt 0:04:37]} Qc7 {[%emt 0:01:50]} 9. c4 {[%emt 0:01:20]} Nxe5 {[%emt 0:00:53]} 10. cxd5 {[%emt 0:13:33]} Nxf3+ {[%emt 0:00:22]} 11. gxf3 {[%emt 0:00:06]} Qe5+ {[%emt 0:00:16]} 12. Be3 {[%emt 0:00:08]} Qxa1 {[%emt 0:00:58]} 13. dxe6 {[%emt 0:02:01]} fxe6 {[%emt 0:18:11]} 14. Bd4 {[%emt 0:00:18]} Qa2 {[%emt 0:00:02]} 15. Bd3 {[%emt 0:11:52]} O-O {[%emt 0:10:00]} 16. Nc3 {[%emt 0:27:33]} Qxa3 {[%emt 0:00:47]} 17. Ne4 {[%emt 0:01:23]} e5 {[%emt 0:13:32]} 18. Bxe5 {[%emt 0:01:10]} Bxb4+ {[%emt 0:03:15]} 19. Kf1 {[%emt 0:00:22]} d5 {[%emt 0:03:41]} 20. Ng5 {[%emt 0:00:55]} h6 {[%emt 0:02:07]} 21. Bh7+ {[%emt 0:08:28]} Kh8 {[%emt 0:00:04]} 22. Qb1 {[%emt 0:02:23]} hxg5 {[%emt 0:04:54]} 23. h4 {[%emt 0:01:05]} Qxf3 {[%emt 0:01:13]} 24. Rh2 {[%emt 0:01:05]} Bh3+ {[%emt 0:01:57]} 25. Kg1 {[%emt 0:00:05]} Bc5 {[%emt 0:00:47]} 26. Bg3 {[%emt 0:02:09]} Qxg3+ {[%emt 0:00:07]} 0-1

[Event "EYCC Open-U16 2019"]
[Site "Bratislava"]
[Date "2019.08.08"]
[Round "7.42"]
[White "Mica, Marek"]
[Black "Vujovic, Savo"]
[Result "1/2-1/2"]
[WhiteElo "2222"]
[BlackElo "2023"]
[Annotator "NA"]
[PlyCount "44"]
[EventDate "2019.08.02"]
[EventType "swiss"]
[EventCountry "SVK"]
[SourceTitle "playchess.com"]
[Source "ChessBase"]
[SourceQuality "1"]
[TimeControl "40/5400+30:1800+30"]

1. d4 {[%emt 0:00:00]} Nf6 {[%emt 0:00:00]} 2. Nf3 {[%emt 0:00:00]} g6 {[%emt 0:00:00]} 3. g3 {[%emt 0:00:00]} Bg7 {[%emt 0:00:00]} 4. Bg2 {[%emt 0:00:00]} O-O {[%emt 0:00:00]} 5. c4 {[%emt 0:00:08]} c6 {[%emt 0:00:07]} 6. O-O {[%emt 0:00:34]} d5 {[%emt 0:00:11]} 7. Qb3 {[%emt 0:00:44]} a5 {[%emt 0:00:19]} 8. Nc3 {[%emt 0:03:51]} a4 {[%emt 0:06:25]} 9. Nxa4 {[%emt 0:00:31]} dxc4 {[%emt 0:00:10]} 10. Qd1 {[%emt 0:00:18]} Qa5 {[%emt 0:02:02]} 11. Nc3 {[%emt 0:02:31]} b5 {[%emt 0:01:03]} 12. Ne5 {[%emt 0:03:52]} b4 {[%emt 0:05:55]} 13. Nb1 {[%emt 0:01:47]} Be6 {[%emt 0:21:06]} 14. a3 {[%emt 0:20:20]} Rd8 {[%emt 0:06:12]} 15. Bxc6 Ra6 {[%emt 0:11:33]} 16. Bg2 {[%emt 0:06:17]} Ng4 {[%emt 0:01:11]} 17. Nxg4 Bxg4 {[%emt 0:00:11]} 18. Bd2 {[%emt 0:04:55]} Bxd4 {[%emt 0:03:39]} 19. Qc1 {[%emt 0:11:47]} Qe5 {[%emt 0:05:29]} 20. Bxb4 {[%emt 0:03:59]} Bxb2 {[%emt 0:08:59]} 21. Bc3 {[%emt 0:00:10]} Bxc3 {[%emt 0:00:27]} 22. Nxc3 {[%emt 0:00:10]} Nc6 {[%emt 0:01:43]} 1/2-1/2

[Event "EYCC Open-U16 2019"]
[Site "Bratislava"]
[Date "2019.08.08"]
[Round "7.43"]
[White "Pobor, Milo"]
[Black "Ruchko, Denis"]
[Result "1/2-1/2"]
[WhiteElo "2067"]
[BlackElo "2002"]
[Annotator "NA"]
[PlyCount "45"]
[EventDate "2019.08.02"]
[EventType "swiss"]
[EventCountry "SVK"]
[SourceTitle "playchess.com"]
[Source "ChessBase"]
[SourceQuality "1"]
[TimeControl "40/5400+30:1800+30"]

1. e4 {[%emt 0:00:00]} c6 {[%emt 0:00:00]} 2. d4 {[%emt 0:00:00]} d5 {[%emt 0:00:00]} 3. e5 {[%emt 0:00:00]} Bf5 {[%emt 0:00:00]} 4. h4 {[%emt 0:00:00]} h5 {[%emt 0:00:00]} 5. c4 {[%emt 0:00:06]} e6 {[%emt 0:00:00]} 6. Nc3 {[%emt 0:00:05]} Ne7 {[%emt 0:00:05]} 7. Nge2 {[%emt 0:00:47]} Nd7 {[%emt 0:00:11]} 8. Ng3 {[%emt 0:00:28]} Bg6 {[%emt 0:00:07]} 9. Bg5 {[%emt 0:00:25]} Qb6 {[%emt 0:00:14]} 10. Qd2 {[%emt 0:00:37]} dxc4 {[%emt 0:10:11]} 11. Bxc4 {[%emt 0:00:19]} Qb4 {[%emt 0:00:18]} 12. b3 {[%emt 0:20:58]} Nb6 {[%emt 0:12:06]} 13. Be2 {[%emt 0:23:45]} Nbd5 {[%emt 0:16:58]} 14. Bxe7 {[%emt 0:10:53]} Nxe7 {[%emt 0:04:41]} 15. a3 {[%emt 0:03:49]} Qxb3 {[%emt 0:10:03]} 16. O-O {[%emt 0:00:24]} Nd5 {[%emt 0:00:15]} 17. Nce4 {[%emt 0:02:30]} Qb6 {[%emt 0:04:48]} 18. Rab1 {[%emt 0:07:03]} Qc7 {[%emt 0:00:32]} 19. f4 {[%emt 0:01:19]} Bxe4 {[%emt 0:06:34]} 20. Nxe4 {[%emt 0:00:02]} g6 {[%emt 0:00:07]} 21. Bc4 {[%emt 0:06:46]} Be7 {[%emt 0:01:11]} 22. Qe2 {[%emt 0:04:24]} Rd8 {[%emt 0:07:51]} 23. Rb3 {[%emt 0:06:58]} 1/2-1/2

[Event "EYCC Open-U16 2019"]
[Site "Bratislava"]
[Date "2019.08.08"]
[Round "7.44"]
[White "Gomez Carreno, Martin"]
[Black "Dixa, Oskar"]
[Result "1/2-1/2"]
[WhiteElo "2078"]
[BlackElo "1973"]
[Annotator "NA"]
[PlyCount "87"]
[EventDate "2019.08.02"]
[EventType "swiss"]
[EventCountry "SVK"]
[SourceTitle "playchess.com"]
[Source "ChessBase"]
[SourceQuality "1"]
[TimeControl "40/5400+30:1800+30"]

1. d4 {[%emt 0:00:00]} Nf6 {[%emt 0:00:00]} 2. Bg5 {[%emt 0:00:00]} c5 {[%emt 0:00:00]} 3. Bxf6 {[%emt 0:00:00]} gxf6 {[%emt 0:00:00]} 4. dxc5 {[%emt 0:00:23]} Qa5+ {[%emt 0:03:45]} 5. Nc3 {[%emt 0:00:27]} Qxc5 {[%emt 0:00:35]} 6. Qd5 {[%emt 0:00:43]} e6 {[%emt 0:00:49]} 7. Qxc5 {[%emt 0:00:57]} Bxc5 {[%emt 0:00:02]} 8. e3 {[%emt 0:07:16]} a6 {[%emt 0:01:07]} 9. g3 {[%emt 0:04:39]} d5 {[%emt 0:02:15]} 10. Nge2 {[%emt 0:00:41]} Nc6 {[%emt 0:00:27]} 11. Bg2 {[%emt 0:00:43]} Bd7 {[%emt 0:02:07]} 12. O-O {[%emt 0:01:44]} Rc8 {[%emt 0:01:09]} 13. Rfd1 {[%emt 0:02:30]} b5 {[%emt 0:02:02]} 14. a3 {[%emt 0:01:16]} O-O {[%emt 0:05:05]} 15. Nf4 {[%emt 0:05:16]} Rfd8 {[%emt 0:10:13]} 16. Nce2 {[%emt 0:04:31]} f5 {[%emt 0:07:48]} 17. c3 {[%emt 0:09:52]} Ne5 {[%emt 0:02:48]} 18. Nd3 {[%emt 0:01:12]} Bd6 {[%emt 0:00:17]} 19. Nxe5 {[%emt 0:03:47]} Bxe5 {[%emt 0:00:12]} 20. Nd4 {[%emt 0:04:39]} Bg7 {[%emt 0:00:32]} 21. Bf1 {[%emt 0:02:26]} Rb8 {[%emt 0:00:22]} 22. Rd2 {[%emt 0:04:15]} a5 {[%emt 0:02:01]} 23. Nc2 {[%emt 0:05:38]} Rdc8 {[%emt 0:01:17]} 24. Rb1 {[%emt 0:02:30]} Kf8 {[%emt 0:03:52]} 25. f3 {[%emt 0:01:49]} Ke7 {[%emt 0:00:24]} 26. Kf2 {[%emt 0:01:08]} Bf6 {[%emt 0:05:18]} 27. Rbd1 {[%emt 0:03:30]} Bc6 {[%emt 0:01:47]} 28. Bd3 {[%emt 0:02:43]} h5 {[%emt 0:01:39]} 29. h4 {[%emt 0:00:22]} Kf8 {[%emt 0:03:02]} 30. Be2 {[%emt 0:05:28]} Kg7 {[%emt 0:01:30]} 31. Nd4 {[%emt 0:01:57]} b4 {[%emt 0:02:56]} 32. cxb4 {[%emt 0:01:16]} axb4 {[%emt 0:04:14]} 33. Rc1 {[%emt 0:04:22]} bxa3 {[%emt 0:03:34]} 34. bxa3 {[%emt 0:05:59]} Ba4 {[%emt 0:01:12]} 35. Rxc8 {[%emt 0:03:46]} Rxc8 {[%emt 0:00:01]} 36. f4 {[%emt 0:05:21]} Kg6 {[%emt 0:00:06]} 37. Bd1 {[%emt 0:00:49]} Ra8 {[%emt 0:00:27]} 38. Bxa4 {[%emt 0:01:39]} Rxa4 {[%emt 0:00:01]} 39. Ra2 {[%emt 0:00:12]} Be7 {[%emt 0:06:15]} 40. Nc2 {[%emt 0:00:00]} f6 {[%emt 0:00:00]} 41. Ke2 {[%emt 0:00:52]} e5 {[%emt 0:00:49]} 42. Kd3 {[%emt 0:00:41]} Bc5 {[%emt 0:01:15]} 43. Kc3 {[%emt 0:04:14]} Kf7 {[%emt 0:04:46]} 44. Rb2 {[%emt 0:08:50]} 1/2-1/2

[Event "EYCC Open-U16 2019"]
[Site "Bratislava"]
[Date "2019.08.08"]
[Round "7.45"]
[White "Viczencz, Peter"]
[Black "Antal, Jakub"]
[Result "0-1"]
[WhiteElo "2014"]
[BlackElo "1963"]
[Annotator "NA"]
[PlyCount "56"]
[EventDate "2019.08.02"]
[EventType "swiss"]
[EventCountry "SVK"]
[SourceTitle "playchess.com"]
[Source "ChessBase"]
[SourceQuality "1"]
[TimeControl "40/5400+30:1800+30"]

1. e4 {[%emt 0:00:00]} c5 {[%emt 0:00:00]} 2. Nf3 {[%emt 0:00:00]} Nc6 {[%emt 0:00:14]} 3. d4 {[%emt 0:00:00]} cxd4 {[%emt 0:00:05]} 4. Nxd4 {[%emt 0:00:00]} g6 {[%emt 0:00:15]} 5. Nc3 {[%emt 0:00:08]} Bg7 {[%emt 0:00:38]} 6. Be3 {[%emt 0:00:09]} Nf6 {[%emt 0:00:58]} 7. Nxc6 {[%emt 0:00:11]} bxc6 {[%emt 0:00:18]} 8. e5 {[%emt 0:00:09]} Ng8 {[%emt 0:00:23]} 9. Bd4 {[%emt 0:00:12]} f6 {[%emt 0:01:13]} 10. f4 {[%emt 0:00:09]} Qa5 {[%emt 0:01:19]} 11. Qd2 {[%emt 0:00:13]} fxe5 {[%emt 0:04:55]} 12. fxe5 {[%emt 0:00:08]} c5 {[%emt 0:00:42]} 13. Bf2 {[%emt 0:00:11]} Bxe5 {[%emt 0:04:03]} 14. Bc4 {[%emt 0:00:19]} Nf6 {[%emt 0:00:15]} 15. O-O {[%emt 0:00:11]} Ba6 {[%emt 0:02:27]} 16. Ne4 {[%emt 0:00:16]} Qxd2 {[%emt 0:05:36]} 17. Nxd2 {[%emt 0:00:07]} Bxc4 {[%emt 0:07:04]} 18. Nxc4 {[%emt 0:00:07]} Bd4 {[%emt 0:14:07]} 19. Nd6+ {[%emt 0:00:11]} exd6 {[%emt 0:00:18]} 20. Bxd4 {[%emt 0:00:06]} cxd4 {[%emt 0:00:05]} 21. Rxf6 {[%emt 0:00:06]} Ke7 {[%emt 0:06:22]} 22. Rf4 {[%emt 0:00:49]} Rhc8 {[%emt 0:14:47]} 23. Re1+ {[%emt 0:11:05]} Kd8 {[%emt 0:00:21]} 24. Re2 {[%emt 0:00:45]} Rab8 {[%emt 0:12:33]} 25. b3 {[%emt 0:00:12]} Rb4 {[%emt 0:11:31]} 26. a3 {[%emt 0:01:45]} d3 {[%emt 0:00:56]} 27. axb4 {[%emt 0:02:18]} dxe2 {[%emt 0:01:18]} 28. Rf8+ {[%emt 0:00:07]} Ke7 {[%emt 0:00:24]} 0-1

[Event "EYCC Open-U16 2019"]
[Site "Bratislava"]
[Date "2019.08.08"]
[Round "7.46"]
[White "Placer, Sebastian"]
[Black "Ghazaryan, Raffi"]
[Result "0-1"]
[WhiteElo "2040"]
[BlackElo "1826"]
[Annotator "NA"]
[PlyCount "80"]
[EventDate "2019.08.02"]
[EventType "swiss"]
[EventCountry "SVK"]
[SourceTitle "playchess.com"]
[Source "ChessBase"]
[SourceQuality "1"]
[TimeControl "40/5400+30:1800+30"]

1. d4 {[%emt 0:00:00]} Nf6 {[%emt 0:00:00]} 2. c4 {[%emt 0:00:00]} c6 {[%emt 0:00:10]} 3. Nc3 {[%emt 0:00:18]} d5 {[%emt 0:00:11]} 4. Nf3 {[%emt 0:00:19]} dxc4 {[%emt 0:00:43]} 5. a4 {[%emt 0:00:45]} Bf5 {[%emt 0:00:09]} 6. Ne5 {[%emt 0:00:28]} Nbd7 {[%emt 0:02:43]} 7. Nxc4 {[%emt 0:00:08]} Qc7 {[%emt 0:01:15]} 8. g3 {[%emt 0:00:37]} e5 {[%emt 0:01:29]} 9. dxe5 {[%emt 0:00:25]} Nxe5 {[%emt 0:00:03]} 10. Bf4 {[%emt 0:01:17]} Nfd7 {[%emt 0:00:07]} 11. Bg2 {[%emt 0:06:15]} g5 {[%emt 0:00:50]} 12. Ne3 {[%emt 0:02:05]} gxf4 {[%emt 0:00:07]} 13. Nxf5 {[%emt 0:00:04]} fxg3 {[%emt 0:00:04]} 14. hxg3 {[%emt 0:03:19]} O-O-O {[%emt 0:00:23]} 15. Qc2 {[%emt 0:07:13]} h5 {[%emt 0:03:33]} 16. Rd1 {[%emt 0:07:58]} Bb4 {[%emt 0:04:11]} 17. Kf1 {[%emt 0:05:41]} Nf6 {[%emt 0:02:53]} 18. Rh4 {[%emt 0:12:31]} Nfg4 {[%emt 0:05:11]} 19. Rc1 {[%emt 0:16:02]} Bxc3 {[%emt 0:06:15]} 20. Qxc3 {[%emt 0:05:13]} Qd7 {[%emt 0:00:34]} 21. Be4 {[%emt 0:03:19]} Ng6 {[%emt 0:17:41]} 22. Rh1 {[%emt 0:03:24]} Kb8 {[%emt 0:07:13]} 23. f3 {[%emt 0:07:44]} N4e5 {[%emt 0:00:45]} 24. Ng7 {[%emt 0:03:31]} Qd2 {[%emt 0:21:12]} 25. Rxh5 {[%emt 0:05:15]} Rxh5 {[%emt 0:01:34]} 26. Nxh5 {[%emt 0:00:02]} Qg5 {[%emt 0:01:38]} 27. Bxg6 {[%emt 0:02:14]} Nxg6 {[%emt 0:02:57]} 28. g4 {[%emt 0:01:35]} f5 {[%emt 0:02:19]} 29. Ng7 {[%emt 0:04:50]} Rh8 {[%emt 0:01:01]} 30. Nh5 {[%emt 0:00:13]} fxg4 {[%emt 0:00:13]} 31. fxg4 {[%emt 0:00:13]} Ka8 {[%emt 0:01:23]} 32. Qc4 {[%emt 0:01:29]} Rf8+ {[%emt 0:01:59]} 33. Ke1 {[%emt 0:01:07]} Ne5 {[%emt 0:01:47]} 34. Qc5 {[%emt 0:00:13]} Re8 {[%emt 0:00:35]} 35. Kd1 {[%emt 0:00:39]} Qxg4 {[%emt 0:00:51]} 36. Nf6 {[%emt 0:00:19]} Qxa4+ {[%emt 0:01:40]} 37. Rc2 {[%emt 0:00:07]} Rd8+ {[%emt 0:00:18]} 38. Ke1 {[%emt 0:00:01]} Qh4+ {[%emt 0:00:15]} 39. Qf2 {[%emt 0:00:11]} Qxf2+ 40. Kxf2 Rf8 0-1

[Event "EYCC Open-U16 2019"]
[Site "Bratislava"]
[Date "2019.08.08"]
[Round "7.47"]
[White "Magold, Victor"]
[Black "Holly, Andrej"]
[Result "1/2-1/2"]
[WhiteElo "1962"]
[BlackElo "2046"]
[Annotator "NA"]
[PlyCount "62"]
[EventDate "2019.08.02"]
[EventType "swiss"]
[EventCountry "SVK"]
[SourceTitle "playchess.com"]
[Source "ChessBase"]
[SourceQuality "1"]
[TimeControl "40/5400+30:1800+30"]

1. d4 {[%emt 0:00:00]} b6 {[%emt 0:00:00]} 2. Nf3 {[%emt 0:00:14]} Bb7 {[%emt 0:00:00]} 3. c4 {[%emt 0:01:06]} e6 {[%emt 0:00:00]} 4. e3 {[%emt 0:00:04]} f5 {[%emt 0:01:34]} 5. Be2 {[%emt 0:00:15]} Nf6 {[%emt 0:00:37]} 6. O-O {[%emt 0:01:13]} Be7 {[%emt 0:01:18]} 7. Nc3 {[%emt 0:00:36]} O-O {[%emt 0:03:34]} 8. Bd2 {[%emt 0:07:46]} Ne4 {[%emt 0:07:00]} 9. Ne5 {[%emt 0:11:00]} Bd6 {[%emt 0:14:11]} 10. f4 {[%emt 0:02:50]} Bxe5 {[%emt 0:04:32]} 11. dxe5 {[%emt 0:00:18]} d6 {[%emt 0:05:06]} 12. Nxe4 {[%emt 0:04:37]} Bxe4 {[%emt 0:01:11]} 13. exd6 {[%emt 0:00:35]} Qxd6 {[%emt 0:01:13]} 14. Bc3 {[%emt 0:01:16]} Qc5 {[%emt 0:06:53]} 15. Bd4 {[%emt 0:22:06]} Qc6 {[%emt 0:00:02]} 16. Bf3 {[%emt 0:00:08]} Na6 {[%emt 0:03:13]} 17. Bxe4 {[%emt 0:00:27]} Qxe4 {[%emt 0:00:26]} 18. Qf3 {[%emt 0:02:53]} Qxf3 {[%emt 0:01:50]} 19. Rxf3 {[%emt 0:00:16]} Rfd8 {[%emt 0:02:30]} 20. a3 {[%emt 0:14:07]} Nc5 {[%emt 0:04:31]} 21. Bxc5 {[%emt 0:01:31]} bxc5 {[%emt 0:00:03]} 22. Re1 {[%emt 0:01:07]} Rd2 {[%emt 0:09:54]} 23. Rf2 {[%emt 0:00:03]} Rad8 {[%emt 0:02:08]} 24. Rfe2 {[%emt 0:02:05]} Rxe2 {[%emt 0:06:51]} 25. Rxe2 {[%emt 0:00:04]} Rd1+ {[%emt 0:00:01]} 26. Kf2 {[%emt 0:00:08]} Rc1 {[%emt 0:01:14]} 27. Rd2 {[%emt 0:00:20]} Rxc4 {[%emt 0:02:38]} 28. Rd8+ {[%emt 0:02:00]} Kf7 {[%emt 0:00:02]} 29. Rd7+ {[%emt 0:00:06]} Kf6 {[%emt 0:00:10]} 30. Rxc7 {[%emt 0:00:08]} a5 {[%emt 0:02:10]} 31. Kf3 {[%emt 0:12:35]} a4 {[%emt 0:00:41]} 1/2-1/2